000 00546nam a2200193Ia 4500
003 GCL
008 140319s9999 xx 000 0 eng d
040 _aGCL /
_cGCL
082 0 4 _a574.5222
_bW A
100 1 _aWELLBURN, ALAN
245 1 0 _aAIR POLLUTION AND CLIMATE CHANGE THE BIOLOGICAL IMPACT /
_cWELLBURN, ALAN
260 _a[S.N] :
_bLONGMAN SCIENTIFIC AND TECHNICAL ،
_c1994
300 _a268 P
650 0 4 _aPOLLUTION
650 0 4 _aCLIMACTIC CHANGES
650 0 4 _aAIR POLLUTION
650 0 4 _aENVIRONMENTAL ASPECTS
942 _2ddc
_cBK
999 _c21070
_d21070